جامع الأحكام الفقهية للإمام القرطبي من تفسيره / (رقم التسجيلة. 7635)
[ عرض عادي ]
| 000 -الفاتح | |
|---|---|
| حقل البيانات ثابتة الطول | 00966cam a2200253 a 4500 |
| 001 - رقم الضبط | |
| رقم الضبط | 356600 |
| 003 - محدد رقم الضبط | |
| رقم الضبط | OSt |
| 005 - وقت وتاريخ اخر تعامل مع التسجيلة | |
| رقم الضبط | 20150408113825.0 |
| 008 - عناصر البيانات ثابتة الطول - معلومات عامة | |
| حقل البيانات ثابتة الطول | 970810s1994 le g 00000 ara c |
| 020 ## - الرقم الدولى المعيارى للكتب | |
| الرقم الدولى المعيارى للكتاب | 274510652ْ |
| 040 ## - مصدر الفهرسة | |
| وكالة الفهرسة الأصلية | mu |
| لغة الفهرسة | ara |
| وكالة النسخ | mb |
| 082 04 - رقم تصنيف ديوى العشرى | |
| رقم التصنيف | 250 |
| رقم الطبعة | 21 |
| 100 1# - المدخل الرئيسى - إسم شخصى | |
| الإسم الشخصى | الجندي، فريد عبد العزيز |
| 9 (RLIN) | 5257 |
| 245 10 - بيان العنوان | |
| العنوان | جامع الأحكام الفقهية للإمام القرطبي من تفسيره / |
| بيان المسئوليه,etc | جمع وتصنيف فريد عبد العزيز الجندي. |
| 250 ## - بيان الطبعة | |
| بيان الطبعة | ط. 1. |
| 260 ## - PUBLICATION, DISTRIBUTION, ETC. (IMPRINT) | |
| مكان الناشر او الموزع | بيروت : |
| اسم الناشر او الموزع | دار الكتب العلمية، |
| تاريخ النشر أو التوزيع | 2005 |
| 300 ## - الوصف المادى | |
| التعداد | 3 مج. ؛ |
| أبعاد الوعاء | 24 سم. |
| 630 24 - المدخل الاضافى بالموضوع - عنوان موحد | |
| عنوان موحد | القرآن |
| التقسيم الفرعي العام | تفاسير |
| مصدر الرأس أو المصطلح | aucut |
| 650 #7 - المدخل الاضافى بالموضوع-مصطلح موضوعى | |
| مصطلح موضوعي أو اسم جغرافي كعنصر مدخل | الفقه الإسلامي |
| مصدر الرأس أو المصطلح | aucsh |
| 650 #7 - المدخل الاضافى بالموضوع-مصطلح موضوعى | |
| مصطلح موضوعي أو اسم جغرافي كعنصر مدخل | الفقه الشافعي |
| مصدر الرأس أو المصطلح | aucsh |
| 9 (RLIN) | 987 |
| 700 12 - المدخل الاضافى - اسم شخصى | |
| الإسم الشخصى | القرطبي، محمد بن أحمد بن أبي بكر، |
| التواريخ المصاحبة للاسم | ت. 671 هـ. |
| عنوان العمل | تفسير القرطبي. |
| 9 (RLIN) | 5258 |
| 740 02 - المدخل الاضافى - عنوان مرتبط/تحليلى غير مقيد | |
| العنوان التحليلي/ الرابط غير مقيد | تفسير القرطبي. |
| 942 ## - عناصر المدخل الإضافي( كوها) | |
| مصدر التصنيف او مخطط الترفيف | Dewey Decimal Classification |
| Koha [default] item type | كتاب |
| حالة الفقد | نموذج السعر الفعال | حالة تلف | ليس للاعارة | رقم الطلب | تاريخ الاكتساب | الموقع الحالي | الباركود | الفرع الرئيسي | Date last seen | نوع المادة فى نظام كوها | مصدر التصنيف او خطة الترفيف | Total Checkouts |
|---|---|---|---|---|---|---|---|---|---|---|---|---|
| 2013-03-10 | 250 ٠ج1 ج ٠ج | 2011-10-10 | المكتبة المركزية بالمجمعة (CL) | 00069063 | المكتبة المركزية بالمجمعة (CL) | 2013-03-10 | كتاب | Dewey Decimal Classification | ||||
| 2013-03-10 | 250 ٠ج1 ج ٠ج | 2011-10-10 | المكتبة المركزية بالمجمعة (CL) | 00069060 | المكتبة المركزية بالمجمعة (CL) | 2013-03-10 | كتاب | Dewey Decimal Classification | ||||
| 2013-03-10 | 250 ٠ج1 ج ٠ج | 2011-10-10 | المكتبة المركزية بالمجمعة (CL) | 00069066 | المكتبة المركزية بالمجمعة (CL) | 2013-03-10 | كتاب | Dewey Decimal Classification | ||||
| 2013-03-10 | 250 ٠ج2 ج ٠ج | 2011-10-10 | المكتبة المركزية بالمجمعة (CL) | 00069065 | المكتبة المركزية بالمجمعة (CL) | 2013-03-10 | كتاب | Dewey Decimal Classification | ||||
| 2013-03-10 | 250 ٠ج2 ج ٠ج | 2011-10-10 | المكتبة المركزية بالمجمعة (CL) | 00069062 | المكتبة المركزية بالمجمعة (CL) | 2013-03-10 | كتاب | Dewey Decimal Classification | ||||
| 2013-03-10 | 250 ٠ج2 ج ٠ج | 2011-10-10 | المكتبة المركزية بالمجمعة (CL) | 00069059 | المكتبة المركزية بالمجمعة (CL) | 2013-03-10 | كتاب | Dewey Decimal Classification | ||||
| 2013-03-10 | 250 ٠ج3 ج ٠ج | 2011-10-10 | المكتبة المركزية بالمجمعة (CL) | 00069058 | المكتبة المركزية بالمجمعة (CL) | 2013-03-10 | كتاب | Dewey Decimal Classification | ||||
| 2013-03-10 | 250 ٠ج3 ج ٠ج | 2011-10-10 | المكتبة المركزية بالمجمعة (CL) | 00069064 | المكتبة المركزية بالمجمعة (CL) | 2013-03-10 | كتاب | Dewey Decimal Classification |
